Wikingowie! - Statystyki

Ogólne statystyki
  • Ten quiz został rozwiązany 1 111 razy
  • Średni wynik to 10 z 20
Statystyki odpowiedzi
Wskazówka Odpowiedź % Poprawnych
Wyspiarski kraj zasiedlony przez wikingów w 874 r. Islandia
91%
Bóg burzy Thor
71%
Wspaniałe miejsce, do którego trafiają polegli w bitwie Walhalla
70%
Bóg z jednym okiem i długą brodą Odyn
64%
Język wikingów Staro{nordyjski}
62%
Zmiennokształtny bóg i symbol m.in. oszustw Loki
59%
Wikińska wizja końca świata Ragnarök
59%
Słowiańskie miasto nad Dnieprem podbite przez wikingów Kijów
53%
Grupa ludzi, która osiedliła się we Francji i podbiła Anglię w 1066 roku Normanowie
49%
Kobiece postacie, które ich tam zabierają Walkirie
49%
Wikińska epicka opowieść Saga
45%
Wschodnie cesarstwo zatrudniające wikingów do "Gwardii wareskiej" Cesarstwo {Bizantyńskie}
42%
Odkrywca i pierwszy Europejczyk, który osiadł na Grenlandii Eryk {Rudy}
41%
Inskrybowana skała z napisami lub obrazkami Kamienie {runiczne}
41%
Kraina bogów w mitologii nordyckiej Asgard
40%
Napój alkoholowy wytwarzany z miodu Miód pitny
36%
Wielki stwór, który wystawiony na słońce zamieniał się w kamień Troll
31%
Syn powyższego, który osiedlił się w Kanadzie {Leif} Eriksson
29%
Król, który rządził Norwegią, Danią i Anglią {Knut} Wielki
26%
Nazwa tej kanadyjskiej krainy Winlandia
22%
Nie znaleziono quizów pasujących do podanych kryteriów
Rozkład punktacji
Procent ludzi z każdym wynikiem
Percentyl według liczby udzielonych odpowiedzi
Twoja historia wyników
Nie rozwiązałeś tego quizu